00496nam a2200181 a 4500001001300000003000900013005001700022008004100039020000800080082001500088245003700103260005200140300000900192500003500201505002400236650002200260710003200282nice12345678IN_TiNIC20260116011701.0050524s1973 pata grp 000 0 eng  ac600a269.2bCHU aLight and Life We Seek to Share. aPatnabChurch Extension Commision of Cbcic1973 a482p aincludes index and biblioraphy2 aIndex, Bibliography aEvangelistic Work2 aChurch Extension Commission